| 000 | 00801nam a22002531 4500 | ||
|---|---|---|---|
| 001 | 20583 | ||
| 003 | BD-RjUL | ||
| 005 | 20211209000602.0 | ||
| 008 | 140301s1966 enk 001 0beng | ||
| 035 | _a(BD-RjUL)20645 | ||
| 040 |
_aDLC _cDLC _dDLC _dBD-RjUL _beng |
||
| 041 | _aeng | ||
| 082 | 0 | 0 |
_a828.709 _bPRT 1966 |
| 100 | 1 |
_aPriestley, J. B. _q(John Boynton), _d1894-1984. _963515 |
|
| 245 | 0 | 0 |
_aThomas Love Peacock / _cJ. B. Priestley. |
| 260 |
_aLondon ; _aMelbourne [etc.] ; _bMacmillan ; _aNew York : _bSt. Martin's P., _c1966. |
||
| 300 |
_axxviii, 215 p. ; _c19 cm. |
||
| 504 | _aIncludes index. | ||
| 600 | 1 | 0 |
_aPeacock, Thomas Love, _d1785-1866. _957444 |
| 650 | 0 |
_aAuthors, English _y19th century _xBiography. _955720 |
|
| 942 |
_2ddc _cBK |
||
| 999 |
_c20583 _d20583 |
||